01148cam a22002651a 4500001001300000003000400013005001700017008004100034010001700075035002000092040005500112042001200167050002700179051001400206100002200220245004800242260011800290300003200408490007600440501020000516504002800716651004700744830007400791999001700865e 50000024 DLC20260227111234.0850228s1950 dcua b f000 0 eng c ae 50000024  a(OCoLC)11749029 aU.S. Office of Education. LibrarycABAUdABAUdDLC apremarc00aL111b.A6 1950, no. 18 aF199b.W71 aWillcockson, Mary10aKnow your capital city /cMary Willcockson. aWashington :bFederal Security Agency, Office of Education :bFor sale by the Supt. of Docs., U.S. G.P.O.,c1950. avi, 39 p. :bill. ;c23 cm.1 aBulletin / Federal Security Agency, Office of Education ;v1950, no. 18 aCopies 1 and 2 of L111.A6 with: State boards of education and chief state school officers / Ward W. Keesecker. Washington : Govt. Print. Off., 1950. Bound together subsequent to publication.5DLC aBibliography: p. 38-39. 0aWashington (D.C.)xDescription and travel. 0aBulletin (United States. Office of Education : 1929b) ;v1950, no. 18 c22129d22129